Central Library OPAC University of Rajshahi

Higher education in the Third World : (Record no. 60762)

MARC details
000 -LEADER
fixed length control field 00707nam a2200229 a 4500
001 - CONTROL NUMBER
control field 60762
003 - CONTROL NUMBER IDENTIFIER
rucl marc code BD-RjUL
005 - DATE AND TIME OF LATEST TRANSACTION
control field 20211209080859.0
008 - FIXED-LENGTH DATA ELEMENTS--GENERAL INFORMATION
fixed length control field 170102s1987 ii b 001 0 eng
020 ## - INTERNATIONAL STANDARD BOOK NUMBER
International Standard Book Number 8170271118
035 ## - SYSTEM CONTROL NUMBER
System control number (BD-RjUL)60886
040 ## - CATALOGING SOURCE
Original cataloging agency BD-RjUL
Transcribing agency BD-RjUL
Modifying agency BD-RjUL
Language of cataloging eng
041 ## - LANGUAGE CODE
Language code of text/sound track or separate title eng
082 00 - DEWEY DECIMAL CLASSIFICATION NUMBER
Classification number 378.091724
Edition number 23
Author mark and year ALH 1987
100 1# - MAIN ENTRY--PERSONAL NAME
Personal name Altbach, Philip G.
9 (RLIN) 181039
245 10 - TITLE STATEMENT
Title Higher education in the Third World :
Remainder of title themes and variations /
Statement of responsibility, etc. Philip G. Altbach.
260 ## - PUBLICATION, DISTRIBUTION, ETC. (IMPRINT)
Place of publication, distribution, etc. New Delhi :
Name of publisher, distributor, etc. Radiant Pub.,
Date of publication, distribution, etc. c1987.
300 ## - PHYSICAL DESCRIPTION
Pagination 239 p. ;
Size 26 cm.
504 ## - BIBLIOGRAPHY, ETC. NOTE
Bibliography, etc Includes bibliographies and index.
650 #0 - SUBJECT ADDED ENTRY--TOPICAL TERM
Topical term or geographic name as entry element Education, Higher
Geographic subdivision Developing countries.
9 (RLIN) 181040
942 ## - ADDED ENTRY ELEMENTS (KOHA)
Source of classification or shelving scheme Dewey Decimal Classification
Koha item type Books
Holdings
Lost status Source of classification or shelving scheme Damaged status Not for loan Collection code Permanent Location Current Location Shelving location Date acquired Source of acquisition Cost, normal purchase price Total Checkouts Full call number Date last seen Copy number Koha item type
  Dewey Decimal Classification   Not For Loan Non-fiction Central Library, University of Rajshahi Central Library, University of Rajshahi Reading Room 27/02/1989 Karim int. 150.00   378.091724 ALH 1987 02/01/2017 C-1 Books